Liedtext - Oft Gefragt - AnnenMayKantereit (AMK) - Statistiken

Allgemein
  • Dieses Quiz wurde 347 mal gespielt
  • Das Durchschnittsergebnis liegt bei 198 aus 234
Antwortstatistiken
Textquiz % Korrekt
Du
98%
du
98%
gefragt
98%
mich
96%
oft
96%
ich
95%
Ich
95%
hast
94%
Und
93%
und
93%
dich
92%
hab
91%
Hab
91%
was
90%
der
89%
in
88%
für
87%
war
87%
zu
87%
Zu
87%
bist
86%
Bist
86%
nicht
83%
auch
82%
das
82%
wir
82%
Wir
82%
Haus'
81%
immer
81%
keine
81%
noch
81%
Hause
80%
nur
80%
Schule
80%
angezogen
79%
angelogen
78%
Drogen
78%
großgezogen
78%
nehme
76%
zerreißt
76%
es
75%
sind
74%
dass
72%
umgezogen
71%
ausgezogen
70%
weißt
69%
Aber
67%
allein
67%
warst
67%
mir
66%
vermisst
66%
Berlin
65%
habe
63%
wollte
63%
Kopenhagen
62%
fragen
61%
waren
61%
Paris
60%
Wien
58%
aufgehört
57%
so
57%
aufgewacht
56%
Nacht
56%
Prag
56%
mitten
53%
Heimat
52%
wegen
51%
Bretagne
49%
Zeit
49%
daran
48%
gedacht
48%
hingebracht
45%
letzter
45%
abgeholt
44%
Keine übereinstimmenden Quizze gefunden
Verteilung der Resultate
Anzahl Personen mit jedem Resultat
Perzentil nach korrekt beantworteten Fragen
Ihre Resultats-Entwicklung
Sie haben dieses Quiz noch nicht gespielt